000 00375nam a2200157Ia 4500
008 151213s9999 xx 000 0 und d
100 _aA. A. Warez
245 _aThe School Of Donne
_cA. A. Warez
250 _a1st
260 _aLondon
_bA. Mentor Book
_c1967
300 _a4327 p.
650 _aLiterature
650 _aLiterature
700 _aA. A. Warez
999 _c2741
_d2741